| 000 -LEADER |
| fixed length control field |
00466cam a22001457a 4500 |
| 008 - FIXED-LENGTH DATA ELEMENTS--GENERAL INFORMATION |
| fixed length control field |
180718b1998 xxu||||| |||| 00| 0 eng d |
| 020 ## - INTERNATIONAL STANDARD BOOK NUMBER |
| International Standard Book Number |
0700704213 |
| 082 ## - DEWEY DECIMAL CLASSIFICATION NUMBER |
| Classification number |
ABx5 Od1 |
| 245 ## - TITLE STATEMENT |
| Title |
Religious traditions in South Asia: interaction and change |
| Statement of responsibility, etc. |
edited by Geoffrey A. Oddie |
| 260 ## - PUBLICATION, DISTRIBUTION, ETC. |
| Place of publication, distribution, etc. |
Richmond |
| Name of publisher, distributor, etc. |
Curzon Press |
| Date of publication, distribution, etc. |
1998 |
| 300 ## - PHYSICAL DESCRIPTION |
| Extent |
153p. |
| 650 ## - SUBJECT ADDED ENTRY--TOPICAL TERM |
| Topical term or geographic name entry element |
Religion and science - History |
| 650 ## - SUBJECT ADDED ENTRY--TOPICAL TERM |
| Topical term or geographic name entry element |
Religion and sociology - South Asia |
| 700 ## - ADDED ENTRY--PERSONAL NAME |
| Personal name |
Oddie, Geoffrey A. |